The aryan debate / (Record no. 5139)

MARC details
000 -LEADER
fixed length control field 00624 a2200181 4500
010 ## - LCCN (DPL NO)
LC control number ENG-86750
020 ## - INTERNATIONAL STANDARD BOOK NUMBER
Terms of availability 325.00
International Standard Book Number 0195692004
035 ## - SYSTEM CONTROL NUMBER
System control number EN-70283
037 ## - SOURCE OF ACQUISITION
Source of stock number/acquisition DBAD / PUB
082 14 - DEWEY DECIMAL CLASSIFICATION NUMBER
Classification number 954
100 ## - MAIN ENTRY--PERSONAL NAME
Personal name Trautmann, Thomas R.
245 1# - TITLE STATEMENT
Title The aryan debate /
Statement of responsibility, etc by Thomas R.Trautmann
260 ## - PUBLICATION, DISTRIBUTION, ETC. (IMPRINT)
Place of publication, distribution, etc New Delhi
Name of publisher, distributor, etc Oxford University Press
Date of publication, distribution, etc 2007
270 ## - ADDRESS
Address YMCA Library Building, Jai Singh Road
City New Delhi
Postal code 110 001
300 ## - PHYSICAL DESCRIPTION
Extent xliii, 289p
Dimensions 22cm (pbk)
Other physical details ill.
500 ## - GENERAL NOTE
General note HB of the same book recd. on 24.8.2005 and includes bibliographical references and index
942 ## - ADDED ENTRY ELEMENTS (KOHA)
Institution code [OBSOLETE] dpl
Item type English Books
Source of classification or shelving scheme Dewey Decimal Classification
Classification part 954
Call number suffix TRA
Holdings
Withdrawn status Lost status Not for loan Collection code Home library Current library Source of acquisition Cost, normal purchase price Full call number Barcode Copy number Cost, replacement price Koha item type
    Not For Loan Non-fiction D.B.Act.Division D.B.Act.Division DBAD/PUB 325.00 954 TRA EN-70283 1 325.00 English Books

© Delhi Public Library
Hit Counter
free hit counter